Seminario taller: capacitación y o extensión en el uso racional de plaguicidas y sus alternativas /
Uloženo v:
| Hlavní autor: | |
|---|---|
| Korporace: | , |
| Další autoři: | |
| Médium: | Text |
| Vydáno: |
Managua:
CSUCA
|
| Tagy: |
Přidat tag
Žádné tagy, Buďte první, kdo vytvoří štítek k tomuto záznamu!
|
MARC
| LEADER | 00000 a a2200000 04500 | ||
|---|---|---|---|
| 001 | 22732 | ||
| 003 | |||
| 040 | |||
| 090 | |a 156100 | ||
| 100 | |a Appel, Judith | ||
| 110 | |a CSUCA | ||
| 245 | |a Seminario taller: capacitación y o extensión en el uso racional de plaguicidas y sus alternativas / |c CSUCA | ||
| 260 | |a Managua: |b CSUCA | ||
| 300 | |a 57 p |b **no definido** |b fonodiscos | ||
| 700 | |a ed. |a Torres, Nelly | ||
| 710 | |a Universidad Nacional de Ingeniería | ||
| 999 | |c 11885 |d 11885 | ||
